| 000 | 00678nam a2200217Ia 4500 | ||
|---|---|---|---|
| 999 |
_c739 _d739 |
||
| 001 | 4828664 | ||
| 003 | OSt | ||
| 005 | 20180823130948.0 | ||
| 008 | 790406s1972 nyu 000 1 eng d | ||
| 040 |
_aSEA _cSEA _dm.c. _dWMC |
||
| 082 |
_a813 _bH749T |
||
| 090 |
_aPS3515.O4457 _bT9 1972 |
||
| 100 | 1 |
_aHolmes, Marjorie, _d1910-2002. |
|
| 245 | 1 | 0 |
_aTwo from Galilee : _ba love story / _cMarjorie Holmes. |
| 260 |
_aCarmel, N. Y. : _bGuideposts Associates, _cc1972. |
||
| 300 |
_a223 p. ; _c22 cm. |
||
| 600 | 0 | 0 |
_aMary, _cBlessed Virgin, Saint _vFiction. |
| 600 | 0 | 0 |
_aJoseph, _cSaint _vFiction. |
| 630 | 0 | 0 |
_aBible. _pNew Testament _xHistory of Biblical events _vFiction. |
| 942 |
_2ddc _cBK |
||